[Event "Kiel op-B 28th"]
[Site "Kiel"]
[Date "2015.07.30"]
[Round "8"]
[White "Plichta, Rainer"]
[Black "Howe, Dietrich"]
[Result "1-0"]
[WhiteElo "1811"]
[BlackElo "1667"]
[PlyCount "43"]
[EventDate "2015.07.25"]
[EventType "swiss"]
[EventRounds "9"]
[EventCountry "GER"]
[SourceTitle "EXT 2017"]
[Source "ChessBase"]
[SourceDate "2016.10.25"]
[SourceVersion "1"]
[SourceVersionDate "2016.10.25"]
[SourceQuality "1"]

1. d4 Nf6 2. c4 e6 3. Nf3 c5 4. e3 cxd4 5. exd4 b6 6. Be2 Bb7 7. 0-0 g6 8. Nc3 a6 9. Bf4 Bg7 10. Bd6 Qc8 11. Ne5 Nc6 12. Bf3 Ra7 13. Rc1 Nd8 14. d5 Ng8 15. Ne4 Qa8 16. Re1 Ne7 17. Ng4 f5 18. Nef6+ Kf7 19. Nxd7 fxg4 20. dxe6+ Nxe6 21. Qe2 Bxf3 22. Qxe6+ 1-0

[Event "Kiel op-B 28th"]
[Site "Kiel"]
[Date "2015.07.29"]
[Round "7"]
[White "Borchert, Johann"]
[Black "Plichta, Rainer"]
[Result "0-1"]
[WhiteElo "1630"]
[BlackElo "1811"]
[PlyCount "136"]
[EventDate "2015.07.25"]
[EventType "swiss"]
[EventRounds "9"]
[EventCountry "GER"]
[SourceTitle "EXT 2017"]
[Source "ChessBase"]
[SourceDate "2016.10.25"]
[SourceVersion "1"]
[SourceVersionDate "2016.10.25"]
[SourceQuality "1"]

1. e4 c5 2. c3 d5 3. exd5 Qxd5 4. h3 Nf6 5. Qf3 Bf5 6. Qxd5 Nxd5 7. Ne2 Bd3 8. Ng3 Bxf1 9. Kxf1 Nc6 10. Ne2 e5 11. Na3 0-0-0 12. Nc2 e4 13. a3 f5 14. b4 cxb4 15. axb4 Kb8 16. Ned4 Nxd4 17. Nxd4 Nxb4 18. Ne6 Nc6 19. Nxd8 Nxd8 20. Ba3 Nc6 21. Bxf8 Rxf8 22. Ke2 Rd8 23. Rhb1 g6 24. Ra4 Ne5 25. f3 exf3+ 26. gxf3 Re8 27. f4 Nc4+ 28. Kd3 Nd6 29. Rf1 b5 30. Rd4 Kc7 31. Ra1 Ra8 32. Ra6 Ne4 33. Ke3 Kb7 34. Re6 Nc5 35. Re7+ Kc6 36. Rb4 a5 37. Rb1 a4 38. Ra1 Kd6 39. Re5 Rb8 40. Ra3 Nd7 41. d4 Nxe5 42. fxe5+ Kd5 43. Kf4 Rc8 44. Kg5 Ke6 45. h4 Rc7 46. Kf4 h6 47. Ke3 Kd5 48. Kf4 Ke6 49. Ke3 g5 50. hxg5 hxg5 51. Kf3 Kd5 52. Ke3 Rh7 53. Kf2 Rh2+ 54. Ke3 Rh1 55. Kf3 Rc1 56. Ke3 Kc4 57. Kd2 Rh1 58. Ke2 Rh3 59. Kd2 f4 60. Ke2 g4 61. Kf2 Rh2+ 62. Kg1 Re2 63. Kf1 f3 64. Kg1 g3 65. Ra1 a3 66. Kf1 Rh2 67. Kg1 f2+ 68. Kf1 Rh1+ 0-1